000 00639nam a2200265Ia 4500
005 20260121170114.0
008 008 260114s9999 xx 000 0 eng d
020 _a9781493974191
037 _aEBOOK
040 _aCRL
040 _beng
040 _cCRL
041 _2eng
041 _aeng
084 _qCRL
100 _aErnst Ulrich von Weizsäcker, Anders Wijkman
_91059863
245 0 _aCome On!
260 _bSpringer
260 _bSpringer
260 _c2018
856 _uhttps://link.springer.com/openurl?genre=book&isbn=978-1-4939-7419-1
942 _cEBOOK
999 _c1625592
_d1625592